书目信息 |
| 题名: |
土工试验实训教程
|
|
| 作者: | 卢军燕 主编 | |
| 分册: | ||
| 出版信息: | 郑州 黄河水利出版社 2013 |
|
| 页数: | 159页 | |
| 开本: | 26cm | |
| 丛书名: | ||
| 单 册: | ||
| 中图分类: | TU41 | |
| 科图分类: | ||
| 主题词: | 土工试验 , 土工试验--教材 | |
| 电子资源: | ||
| ISBN: | 978-7-5509-0650-1 | |
| 000 | 00744nam0 2200229 450 | |
| 001 | 141800 | |
| 005 | 20141111134034.78 | |
| 010 | @a978-7-5509-0650-1@dCNY 30.00 | |
| 100 | @a20140314d2013 em y0chiy50 ea | |
| 101 | 0 | @achi |
| 102 | @aCN@b410000 | |
| 105 | @aa z 000yy | |
| 200 | 1 | @a土工试验实训教程@9tu gong shi yan shi xun jiao cheng@b专著@f卢军燕主编 |
| 210 | @a郑州@c黄河水利出版社@d2013 | |
| 215 | @a159页@c图@d26cm | |
| 330 | @a本书共分七章,内容包括:土样的采集和管理、土样的制备、土工室内试验、现场原位试验、基桩静载试验、土工综合技能训练及良好职业道德的培养。 | |
| 606 | 0 | @a土工试验 |
| 606 | 0 | @a土工试验@j教材 |
| 690 | @aTU41@v5 | |
| 701 | 0 | @a卢军燕@9lu jun yan@4主编 |
| 801 | 0 | @c20141111 |
| 905 | @a241430@dTU41@eL783 | |
| 土工试验实训教程/卢军燕主编.-郑州:黄河水利出版社,2013 |
| 159页:图;26cm |
| ISBN 978-7-5509-0650-1:CNY 30.00 |
| 本书共分七章,内容包括:土样的采集和管理、土样的制备、土工室内试验、现场原位试验、基桩静载试验、土工综合技能训练及良好职业道德的培养。 |
| ● |
| 相关链接 |
|
|
|
正题名:土工试验实训教程
索取号:TU41/L783
 
预约/预借
| 序号 | 登录号 | 条形码 | 馆藏地/架位号 | 状态 | 备注 |
| 1 | 0839016 | 208390169 | 建筑库101/101建筑库 94排3列3层/ [索取号:TU41/L783] | 在馆 | |
| 2 | 0839017 | 208390178 | 建筑库101/101建筑库 94排3列3层/ [索取号:TU41/L783] | 在馆 | |
| 3 | 0839018 | 208390187 | 建筑库101/101建筑库 94排3列3层/ [索取号:TU41/L783] | 在馆 |